000 01111nam0a22002531 4500
001 rc\250204
005 20030307120736.0
035 _a(NLR Aleph) 005509704
090 _a5393397
_c5393397
100 _a20030307d1990 u |0rusy50 ca
101 0 _arus
102 _aRU
105 _aa |||||||||
200 1 _aПРОБЛЕМЫ управления производством в новых условиях хозяйствования
_eТемат. сб. науч. тр.
_fГос. ком. СССР по нар. образованию. Моск. ин-т упр. им. Серго Орджоникидзе
_gПод ред. д. э. н., проф. В.С. Румянцева
210 _aМ.
_cМИУ
_d1990
215 _a156 с.
_cил.
_d20
320 _aБиблиогр. в конце ст.
702 1 _aРумянцев
_bВ. С.
_gВладимир Сергеевич
_4340
712 0 2 _aМосковский ин-т управления им. С. Орджоникидзе
_3RU\NLR\AUTH\889968408
801 0 _aRU
_bNLR
_gpsbo
801 1 _aRU
_bELAR
_2rusmarc
852 _aNLR
_j91-3/1689
942 _cBOOK
980 _aNB